000 00609nam a2200229Ia 4500
003 OSt
005 20221007075456.0
006 a|||||r|||| 00| 0
007 ta
008 221006b |||||||| |||| 00| 0 eng d
024 _a39,662
037 _cTextual
040 _aFLL
_cFLL
_beng
041 _2eng
_aeng
082 _aD854:Z2, N9
100 _aleelakrishan P.
245 0 _aEnvironmental law in India
260 _aNew Delhi
_bLexisNexis Butterworths India
_c1999
300 _axviii,194p
_ccm.
942 _hD854:Z2, N9
_cTEXL
_2CC
999 _c1156219
_d1156219